Beatcord Members Quiz - Statistics

General Stats
  • This quiz has been taken 17 times
  • The average score is 32 of 45
Answer Stats
Question Tile Select % Correct
Which of these members are currently banned? (September 8th 2022) George Bush Eating A Bush No
100%
Which of these members are currently banned? (September 8th 2022) Mommy Anarchy No
100%
Which of these members are currently banned? (September 8th 2022) Osbers Gaming No
100%
Which of these members are currently moderators? (September 8th 2022) Chloe No
90%
Which of these members are currently banned? (September 8th 2022) EJ the ODST Yes
90%
Which of these members are currently banned? (September 8th 2022) Ice Yes
90%
Which of these members are currently moderators? (September 8th 2022) Osbers Gaming No
90%
Which of these members are currently banned? (September 8th 2022) Rusty Shackleford Yes
90%
Which of these members are currently moderators? (September 8th 2022) Sarah Yes
90%
Which of these members has owned or executively moderated an rp server directly connected to beatcord? (September 8th 2022) Chug No
80%
Which of these members are currently moderators? (September 8th 2022) Fumble No
80%
Which of these members has owned or executively moderated an rp server directly connected to beatcord? (September 8th 2022) Fumble No
80%
Which of these members has owned or executively moderated an rp server directly connected to beatcord? (September 8th 2022) FurtherTurnip No
80%
Which of these members are currently moderators? (September 8th 2022) Myst No
80%
Which of these members have been mentioned in an official Mr. Beat video? (September 8th 2022) Osbers Gaming Yes
80%
Which of these members are currently banned? (September 8th 2022) Waffle No
80%
Which of these members have been mentioned in an official Mr. Beat video? (September 8th 2022) Chloe No
70%
Which of these members are currently banned? (September 8th 2022) Dennis Prager's Evil Liberal Clone Yes
70%
Which of these members has owned or executively moderated an rp server directly connected to beatcord? (September 8th 2022) Dennis Prager's Evil Liberal Clone No
70%
Which of these members have been mentioned in an official Mr. Beat video? (September 8th 2022) Donut Driver No
70%
Which of these members have been mentioned in an official Mr. Beat video? (September 8th 2022) George Bush Eating A Bush No
70%
Which of these members are currently moderators? (September 8th 2022) Graham No
70%
Which of these members are currently moderators? (September 8th 2022) King Epic Yes
70%
Which of these members has owned or executively moderated an rp server directly connected to beatcord? (September 8th 2022) Osbers Gaming Yes
70%
Which of these members has been a patreon supporter to Mr. Beat? (September 8th 2022) Osbers Gaming Yes
70%
Which of these members have been mentioned in an official Mr. Beat video? (September 8th 2022) Sarah No
70%
Which of these members have been mentioned in an official Mr. Beat video? (September 8th 2022) Shady No
70%
Which of these members has been a patreon supporter to Mr. Beat? (September 8th 2022) Sleepy Uncle Joe No
70%
Which of these members has owned or executively moderated an rp server directly connected to beatcord? (September 8th 2022) Bluebonnet Daniel Yes
60%
Which of these members have been mentioned in an official Mr. Beat video? (September 8th 2022) Casey Flatguy Yes
60%
Which of these members have been mentioned in an official Mr. Beat video? (September 8th 2022) Dolphin Expert No
60%
Which of these members are currently moderators? (September 8th 2022) Fib98 Yes
60%
Which of these members has been a patreon supporter to Mr. Beat? (September 8th 2022) Graham Yes
60%
Which of these members has been a patreon supporter to Mr. Beat? (September 8th 2022) Helmer No
60%
Which of these members are currently moderators? (September 8th 2022) Mommy Anarchy No
60%
Which of these members has been a patreon supporter to Mr. Beat? (September 8th 2022) Myst Yes
60%
Which of these members has been a patreon supporter to Mr. Beat? (September 8th 2022) Reid No
60%
Which of these members are currently banned? (September 8th 2022) Sapper No
60%
Which of these members have been mentioned in an official Mr. Beat video? (September 8th 2022) WaterFort Yes
60%
Which of these members has owned or executively moderated an rp server directly connected to beatcord? (September 8th 2022) Abraham Lincoln Yes
50%
Which of these members has been a patreon supporter to Mr. Beat? (September 8th 2022) Albert No
50%
Which of these members has owned or executively moderated an rp server directly connected to beatcord? (September 8th 2022) WaterFort Yes
50%
Which of these members has been a patreon supporter to Mr. Beat? (September 8th 2022) WaterFort Yes
50%
Which of these members has been a patreon supporter to Mr. Beat? (September 8th 2022) Z!ng No
50%
Which of these members has owned or executively moderated an rp server directly connected to beatcord? (September 8th 2022) Lulujuice Yes
40%
No matching quizzes found
Score Distribution
Percent of People with Each Score
Percentile by Number Answered
Your Score History
You have not taken this quiz